<?xml version="1.0" encoding="UTF-8"?>
<record
    xmlns:xsi="http://www.w3.org/2001/XMLSchema-instance"
    xsi:schemaLocation="http://www.loc.gov/MARC21/slim http://www.loc.gov/standards/marcxml/schema/MARC21slim.xsd"
    xmlns="http://www.loc.gov/MARC21/slim">

  <leader>00827aaa a2200229 a 4500</leader>
  <controlfield tag="001">78518</controlfield>
  <controlfield tag="003">BD-RjUL</controlfield>
  <controlfield tag="005">20211209083135.0</controlfield>
  <controlfield tag="008">210929m20052003su ||||| de|| 00| 0 ara d</controlfield>
  <datafield tag="035" ind1=" " ind2=" ">
    <subfield code="a">(BD-RjUL)</subfield>
  </datafield>
  <datafield tag="040" ind1=" " ind2=" ">
    <subfield code="a">BD-RjUL</subfield>
    <subfield code="b">eng</subfield>
    <subfield code="c">BD-RjUL</subfield>
  </datafield>
  <datafield tag="041" ind1=" " ind2=" ">
    <subfield code="a">ara</subfield>
  </datafield>
  <datafield tag="082" ind1=" " ind2=" ">
    <subfield code="2">23</subfield>
    <subfield code="a">492.73</subfield>
    <subfield code="b">MAR 2005</subfield>
  </datafield>
  <datafield tag="100" ind1="1" ind2=" ">
    <subfield code="a">&#x645;&#x633;&#x639;&#x648;&#x62F;&#x60C; &#x62C;&#x628;&#x631;&#x627;&#x646;  ;; masud&#x60C;  jibran</subfield>
    <subfield code="d">1930-</subfield>
    <subfield code="9">248747</subfield>
  </datafield>
  <datafield tag="245" ind1="1" ind2="4">
    <subfield code="a">&#x627;&#x644;&#x631;&#x627;&#x626;&#x62F; : &#x645;&#x639;&#x62C;&#x645; &#x644;&#x63A;&#x648;&#x64A; &#x639;&#x635;&#x631;&#x64A; ;; alraayid : mujam lughawi easriun /</subfield>
    <subfield code="c">&#x62C;&#x628;&#x631;&#x627;&#x646; &#x645;&#x633;&#x639;&#x648;&#x62F;.;; jibran maseud.</subfield>
  </datafield>
  <datafield tag="250" ind1=" " ind2=" ">
    <subfield code="a">3rd ed  ;; .&#x627;&#x644;&#x637;&#x628;&#x639;&#x629; &#x627;&#x644;&#x62B;&#x627;&#x644;&#x62B;&#x629; </subfield>
  </datafield>
  <datafield tag="260" ind1=" " ind2=" ">
    <subfield code="a">&#x628;&#x64A;&#x631;&#x648;&#x62A; : </subfield>
    <subfield code="b">&#x62F;&#x627;&#x631; &#x627;&#x644;&#x639;&#x644;&#x645; &#x644;&#x644;&#x645;&#x644;&#x627;&#x64A;&#x64A;&#x646; ,</subfield>
    <subfield code="c">&#x662;&#x660;&#x660;&#x665;</subfield>
  </datafield>
  <datafield tag="260" ind1=" " ind2=" ">
    <subfield code="a">Beirut: </subfield>
    <subfield code="b">The House of Science for Millions ,</subfield>
    <subfield code="c">2005</subfield>
  </datafield>
  <datafield tag="300" ind1=" " ind2=" ">
    <subfield code="a">270 p. :</subfield>
    <subfield code="b">ill.</subfield>
    <subfield code="c">24 cm.</subfield>
  </datafield>
  <datafield tag="650" ind1=" " ind2=" ">
    <subfield code="a">Arabic Language</subfield>
    <subfield code="v">Dictionary</subfield>
    <subfield code="9">248748</subfield>
  </datafield>
  <datafield tag="942" ind1=" " ind2=" ">
    <subfield code="2">ddc</subfield>
    <subfield code="c">REF</subfield>
  </datafield>
  <datafield tag="999" ind1=" " ind2=" ">
    <subfield code="c">78518</subfield>
    <subfield code="d">78518</subfield>
  </datafield>
  <datafield tag="952" ind1=" " ind2=" ">
    <subfield code="0">0</subfield>
    <subfield code="1">0</subfield>
    <subfield code="2">ddc</subfield>
    <subfield code="4">0</subfield>
    <subfield code="7">1</subfield>
    <subfield code="8">REF</subfield>
    <subfield code="a">RUCL</subfield>
    <subfield code="b">RUCL</subfield>
    <subfield code="c">Reference</subfield>
    <subfield code="d">2008-07-10</subfield>
    <subfield code="e">Maktabat al Arabia, Dhaka</subfield>
    <subfield code="g">2500.00</subfield>
    <subfield code="l">0</subfield>
    <subfield code="o">AR 492.73 MAR 2005</subfield>
    <subfield code="r">2021-09-29 00:00:00</subfield>
    <subfield code="t">C-1</subfield>
    <subfield code="w">2021-09-29</subfield>
    <subfield code="y">REF</subfield>
  </datafield>
</record>
